[Event "Cagliari Alfa Lum op 3rd"]
[Site "Cagliari"]
[Date "2012.09.02"]
[Round "5"]
[White "Altea, Alessandro"]
[Black "Cotza, Massimiliano"]
[Result "1-0"]
[WhiteElo "1854"]
[BlackElo "1500"]
[PlyCount "105"]
[EventDate "2012.08.31"]
[EventType "swiss"]
[EventRounds "6"]
[EventCountry "ITA"]
[SourceTitle "EXT 2014"]
[Source "ChessBase"]
[SourceDate "2013.11.20"]
[SourceVersion "1"]
[SourceVersionDate "2013.11.20"]
[SourceQuality "1"]

1. e4 e5 2. Nc3 Nf6 3. Bc4 Nc6 4. d3 Be7 5. Be3 Na5 6. Bb3 Nxb3 7. axb3 b6 8. Nf3 d6 9. h3 Bb7 10. 0-0 0-0 11. Qe2 a5 12. Rad1 Re8 13. Rfe1 Bf8 14. Nh2 d5 15. Bg5 Be7 16. Nf3 Nh5 17. Bxe7 Rxe7 18. exd5 Bxd5 19. Nxd5 Qxd5 20. Nxe5 Nf4 21. Qe4 Rae8 22. Qxd5 Nxd5 23. Nf3 Re2 24. Kf1 Nf4 25. Rxe2 Rxe2 26. Re1 Rxe1+ 27. Nxe1 Nd5 28. g3 b5 29. Ke2 b4 30. Nf3 Nb6 31. Nd4 a4 32. bxa4 Nxa4 33. b3 Nc3+ 34. Kd2 c5 35. Ne2 Nb5 36. d4 cxd4 37. Kd3 Nc7 38. Nxd4 Na6 39. Kc4 Kf8 40. Kb5 Nc7+ 41. Kxb4 Ke7 42. Kc4 g6 43. b4 Kd7 44. b5 Na8 45. Kc5 Kc7 46. c4 Nb6 47. Kb4 Nd7 48. c5 f5 49. Ne6+ Kb8 50. b6 Kb7 51. Kb5 Ne5 52. c6+ Nxc6 53. Nc5+ 1-0